Datum a čas kvízu

29 Celkem bodů Celkový počet nahraných bodů na tomto kvízu bez doplňovacích otázek.
8. Pořadí na kvízu Konečné umístění týmu na tomto kvízu.

Zaznamenané odpovědi

# Otázka Odpověď Body Výsledky
1. Národní park České Švýcarsko z... rysa ostrovida 1
2. Bývalý princ Andrew už o svůj... Princ William 1
3. Obvodní soud pro Prahu 4 předb... Sbormistr 1
4. Jak se jmenuje nový moderátor... Martin Řezníček 1
5. Český fotbal od úterního rána... NCOZ (Národní centrála proti organizovanému zločinu), (MFK) Karviná 0.5
1. Vítězné téma „vražedně“ těsnéh... Hercule Poirot 1
2. Fiktivní detektiv třetí třídy... Ed McBain, New York 0
3. Přiřaďte autory severských det... 1A 2C 3D 4B 0
4. Stopy, kořist, smrt, ticho, zl... Dokonalý (Dokonalá/Dokonalé), Helen Fields 0
5. Jednou z nejúspěšnějších český... Zmizela v mlze (Norsko), Ostrov šedých mnichů (Nizozemsko) 0